| 000 | 01024nam0a22002411i 4500 | ||
|---|---|---|---|
| 001 | rc\782121 | ||
| 005 | 20240726024436.0 | ||
| 035 | _a(NLR Aleph) 006307974 | ||
| 090 |
_a7321187 _c7321187 |
||
| 100 | _a20040301d1983 u |0rusy50 ca | ||
| 101 | 0 | _arus | |
| 102 | _aRU | ||
| 105 | _ay ||||||||| | ||
| 200 | 1 |
_aСудебно-медицинская экспертиза повреждений мягких тканей, костей и органов грудной клетки при статических воздействиях _e(Секц. и эксперим. исслед.) _eАвтореф. дис. на соиск. учен. степ. д-ра мед. наук _e(14.00.24) |
|
| 210 |
_aМ. _d1983 |
||
| 215 | _a29 с. | ||
| 300 | _aВ надзаг.: НИИ судеб. медицины | ||
| 320 | _aБиблиогр.: с. 28-29 (26 назв.) | ||
| 700 | 1 |
_aБачу _bГ.С. _gГеоргий Софронович |
|
| 801 | 0 |
_aRU _bNLR _gpsbo |
|
| 801 | 1 |
_aRU _bELAR _2rusmarc |
|
| 852 |
_aNLR _j84-6/1401 |
||
| 942 | _cBOOK | ||